000 01412naa a22003617a 4500
001 BR8600944
003 BR-BrBNA
005 20240918175629.0
007 ta
008 230509b bl.||||| |||| 00| 0 por d
040 _aBR-BrBNA
_bpor
_cBiblioteca Nacional de Agricultura
041 _a(Pt)
072 _aM12
_b8140
090 _aM12 BR8600944
100 1 _aLeite, R.G.
100 1 _aVerani, J.R.
100 1 _aBasile-Martins, M.A.
100 1 _aGodinho, H.M.
100 1 _aFenerich-Verani, N.
100 1 _aCestarolli, M.A.
111 1 _a3. Simposio Brasileiro de Aquicultura
_cSao Carlos, SP (Brazil)
_d1984
245 1 _aEstudos biometricos do Curimbata, Prochilodus scrofa, em experimento de cultivo com suplementacao alimentar (1)- morfometria
246 1 _a[Biometrical studies of Curimbata, Prochilodus scrofa, in fishpond experiment with food supplement (1)- morphometry]
246 1 _a[Annals of the 3. Brazilian Symposium of Aquaculture]
260 3 _aSao Carlos, SP (Brasil):
_c1984.
500 _aAnais do 3. Simposio Brasileiro de Aquicultura Sao Carlos, SP (Brasil): 1984. p. 329-335 (BR8600944-AM)M12
650 _aCURIMATA
650 _aBIOMETRIA
650 _aSUPLEMENTO ALIMENTAR
773 0 _tAnais do 3. Simposio Brasileiro de Aquicultura
_wM12 BR8600944
_gSao Carlos, SP (Brasil), 1984. p. 329-335
909 _a202404
_bLucia
_c55
_dLucia Elande
942 _cAM
_2AGRIS
999 _c317541
_d317541